000 00359nam a2200145Ia 4500
008 191201s2008 xx 000 0 und d
082 _a621.38411
_bJOE
100 _aJordan, Edward C.
245 0 _aElectromagnetic waves and radiating systems
250 _a2
260 _aN.Delhi
_bPHI
_c2008
300 _a753
650 _aB.Tech(ECE)
942 _2ddc
_cBK
_03
999 _c3469
_d3469